Gaming Quiz

Random Gaming or Country Quiz

Scrabble Champion Countries Quiz Stats

 Plays Quiz not verified by Sporcle

Challenge
Share
Tweet
Embed
Score 0/11 Timer 01:30
0 Plays Today
Year Country % Correct
2001USA
100%
1997USA
100%
1995USA
100%
1991USA
100%
1993UK
94.9%
2005Canada
87.2%
1999Canada
87.2%
2011New Zealand
69.2%
2007New Zealand
69.2%
2009Thailand
35.9%
2003Thailand
35.9%

You're not logged in!

Compare scores with friends on all Sporcle quizzes.
OR
Log In

You Might Also Like...

Show Comments

Extras

Top Quizzes Today


Score Distribution

Your Account Isn't Verified!

In order to create a playlist on Sporcle, you need to verify the email address you used during registration. Go to your Sporcle Settings to finish the process.

Report this User

Report this user for behavior that violates our Community Guidelines.

Details: